Nehru: a study in colonial liberalism (Record no. 351720)

000 -LEADER
fixed length control field 00347cam a22001217a 4500
008 - FIXED-LENGTH DATA ELEMENTS--GENERAL INFORMATION
fixed length control field 180718b1976 xxu||||| |||| 00| 0 eng d
082 ## - DEWEY DECIMAL CLASSIFICATION NUMBER
Classification number A99 N315 P886
100 ## - MAIN ENTRY--PERSONAL NAME
Personal name Prasad, Ganesh
245 ## - TITLE STATEMENT
Title Nehru: a study in colonial liberalism
Statement of responsibility, etc. by Ganesh Prasad
260 ## - PUBLICATION, DISTRIBUTION, ETC.
Place of publication, distribution, etc. Delhi
Name of publisher, distributor, etc. Sterling
Date of publication, distribution, etc. 1976
300 ## - PHYSICAL DESCRIPTION
Extent 218p.
650 ## - SUBJECT ADDED ENTRY--TOPICAL TERM
Topical term or geographic name entry element Nehru, Jawaharlal, 1889-1964
Holdings
Withdrawn status Lost status Damaged status Not for loan Permanent Location Current Location Date acquired Full call number Barcode Date last seen Price effective from Koha item type
        Indian Institute of Public Administration Indian Institute of Public Administration 1993-11-16 A99 N315 P886 51443 2018-07-21 2018-07-21 Book

Powered by Koha